Risky bodies and techno-intemacy : (Record no. 144243)

MARC details
000 -LEADER
fixed length control field 00617nam a22001817a 4500
010 ## - LCCN (DPL NO)
LC control number ENG-120527
020 ## - INTERNATIONAL STANDARD BOOK NUMBER
International Standard Book Number 9788188965946
Terms of availability 795.00
035 ## - SYSTEM CONTROL NUMBER
System control number EN-104059
037 ## - SOURCE OF ACQUISITION
Source of stock number/acquisition DBAD/PUB
082 ## - DEWEY DECIMAL CLASSIFICATION NUMBER
Classification number 158.2
100 ## - MAIN ENTRY--PERSONAL NAME
Personal name Patel, Geeta
245 ## - TITLE STATEMENT
Title Risky bodies and techno-intemacy :
Remainder of title reflictions on sexuality.media.science.finance /
Statement of responsibility, etc by Geeta Patel
260 ## - PUBLICATION, DISTRIBUTION, ETC. (IMPRINT)
Place of publication, distribution, etc New Delhi
Name of publisher, distributor, etc Women Unlimited
Date of publication, distribution, etc 2016
270 ## - ADDRESS
Address 7/10, First Floor, Sarvapriya Vihar,
City Delhi
Postal code 110016
300 ## - PHYSICAL DESCRIPTION
Extent xii,373p.
Other physical details 22cm(Hb).
500 ## - GENERAL NOTE
General note Includes bibliographical references and index
942 ## - ADDED ENTRY ELEMENTS (KOHA)
Source of classification or shelving scheme Dewey Decimal Classification
Item type English Books
Classification part 158.2
Call number suffix PAT
Holdings
Withdrawn status Lost status Not for loan Collection code Home library Current library Date acquired Source of acquisition Cost, normal purchase price Full call number Barcode Copy number Cost, replacement price Koha item type
      Non-fiction Shahdara Branch Shahdara Branch 11/09/2017 DBAD/PUB 795.00 158.2 PAT EN-104059 1 795.00 English Books

© Delhi Public Library
Hit Counter
free hit counter